000 004930000a22001930004500
001 003322
003 MACL
005 20151025112037.0
008 151025b xxu||||| |||| 00| 0 eng d
040 _aMACL
_cMACL
041 _aEnglish
082 _a923.6/WAR
100 _aWarner, Sally
_916586
245 _aMother Teresa The Genius Of Calcutta
_cSally Warner
260 _aKolkata
_c2003
_bPranoti Publishing House,
350 _a150
650 _aBiography
_916587
942 _k924
_cBK
_2ddc
999 _c15226
_d15226